Quiz sobre 1996 - Estadísticas

Estadísticas generales
  • Esta prueba ha sido intentada 20 veces
  • La puntuación promedio es 8 de 16
Estadísticas de respuestas
Pista Pregunta % Correcto
Nuevo formato de video que reemplazó al VHS en cuestión de años DVD
89%
Grupo musical cuyo primer single, "Wannabe", se volvió top 1 The Spice Girls
79%
Ciudad que hospedó los Juegos Olímpicos Atlanta
74%
Nombre del primer animal clonado La Oveja Dolly
74%
La canción más famosa del grupo 'Los Del Rio' Macarena
74%
Grupo militante que capturo Kabul Taliban
68%
Pareja real que se divorció después de 15 años de casados (Nombra a cualquier integrante) La Princesa Diana y el Principe Carlos
63%
Enfermedad que fue tratada exitosamente por primera vezgracias a un 'cóctel' de drogas SIDA/VIH
63%
Cantante que apareció en la película 'Evita', dandole el Oscar por la mayor cantidad de vestuario en una película Madonna
42%
Consola de videojuegos lanzada por Nintendo Nintendo 64
32%
Película de aliens que arrasó en taquilla Independence Day
26%
Nuevo formato de cable, odiado por solo encastrar a la tercera USB
26%
Enfermedad del ganado que llevó a la Unión Europea a prohibir la carne británica Enfermedad de la vaca loca
21%
Rapero asesinado en un tiroteo en auto en las Vegas Tupac Shakur
21%
Cantante de "The Ramones" que falleció Joey Ramone
16%
Cantante español que lanzó el álbum "Más" con éxitos como "Si tú me miras" Alejandro Sans
0%
No se encontraron pruebas coincidentes
Distribución de puntuación
Porcentaje de gente con cada puntuación
Porcentaje por número respondido
Historial de tus puntuaciones
No has intentado esta prueba.